000 00370nam a2200133Ia 4500
005 20260326235501.0
008 260326s9999||||xx |||||||||||||| ||und||
100 _aReis Filho, Nestor Goulart
245 0 _aQuadro da Arquitetura no Brasil /
_cNestor Goulart Reis Filho
260 _bPerspectiva
300 _a210 p.
650 _aLATINOAMERICA
942 _cBK
999 _c8070
_d8070